01478cam a2200301 i 4500003000900000005001700009007000300026008004100029020001500070040003100085082001300116100004300129240002600172245014700198250001800345264004700363300005100410336002700461337003300488338002800521520038600549590002700935700005200962910001401014942001401028952011701042999001701159DO-SdBNP20240625143434.0ta240625s2005 sp bc 000 f spa d a8478712607 aDO-SdBNPcspadBNPHU erda bC8282221 aCortés, Ferran Ramóneautor985806 aL´illa dels 5 fars /13aLa isla de los 5 faros :bun recorrido por las claves de la comunicación /cFerran Ramón Cortés : traducción Cristina Torrent Cortés a3a. edición 1aBarcelona, España :bRBA libros, c2005. a142 páginasbilustraciones, retratosc22 cm. 2rdacontentatextobtxt 2rdamediaasin mediaciónbn 2rdacarrieravolumenbnc a«La isla de los 5 faros es una invitación magistral a convertirnos en grandes comunicadores. Ferran nos lleva, a través de una historia inspiradora, cálida y cercana, a encontrar las claves de la comunicación altamente efectiva.» «Cinco faros, cinco claves, cinco historias. Una isla, un escritor y un libro. Un libro claro y sencillo de obligada lectura para todos.»  aInventariado, 2024/ YL1 aTorrent Cortés, Cristinaetraducción985807 aYLockward 2ddccLBS1 00102ddc56708GRaBNPHUbBNPHUcCTd2018-05-16eDonación l0oC828p2024-3727r2024-06-25w2024-06-25yLBS1 c56985d56985